近鉄〇〇駅 - Statistics

General Stats
  • This quiz has been taken 206 times
  • The average score is 10 of 16
Answer Stats
Answer % Correct
近鉄名古屋
93%
近鉄奈良
93%
近鉄四日市
87%
近鉄日本橋
77%
近鉄弥富
72%
近鉄蟹江
66%
近鉄八田
64%
近鉄富田
61%
近鉄八尾
59%
近鉄丹波橋
58%
近鉄郡山
53%
近鉄長島
46%
近鉄御所
43%
近鉄宮津
42%
近鉄下田
36%
近鉄新庄
28%
No matching quizzes found
Score Distribution
Percent of People with Each Score
Percentile by Number Answered
Your Score History
You have not taken this quiz